Learning organisation : membentuk budaya belajar dalam organisasi
| Main Author: | Mumtaz Begam Hj. Abdul Kadir |
|---|---|
| Published: |
Kuala Lumpur:
PTS Professional,
2009.
|
| Subjects: |
| LEADER | 00558cam a2200157 7i4500 | ||
|---|---|---|---|
| 001 | 0000032403 | ||
| 005 | 20110804090000.0 | ||
| 020 | |a 9789833585533 (pbk.) | ||
| 090 | 0 | 0 | |a HD58.82 |b M86 2009 |
| 100 | 0 | |a Mumtaz Begam Hj. Abdul Kadir | |
| 245 | 1 | 0 | |a Learning organisation : |b membentuk budaya belajar dalam organisasi |c Mumtaz Begam Abdul Kadir. |
| 260 | |a Kuala Lumpur: |b PTS Professional, |c 2009. | ||
| 300 | |a 129 p.: |b il.l; |c 23 cm. | ||
| 650 | 0 | 0 | |a Organizational change |
| 650 | 0 | 0 | |a Organizational learning |
| 999 | |a 0000051391 |b BOK |c OPEN SHELF |e 1st Floor, Bestari Jaya | ||


